00693nam a2200229 a 4500001001300000003000900013005001700022008004100039020001000080082001600090100003200106245003300138260004800171300000900219500003500228650002200263700003200285902000800317942000700325952011600332999001500448nice12345678IN_TiNIC20260116011544.0080326s1951 musa grp 000 0 hin  ac10000a491.43bMIS aMissionary Language Board,  aFirst Year Hindustani Course aMussoori bMissionary Language Board c1951 a370p aincludes index and biblioraphy aHindi Course Book1 aMissionary Language Board,  bSRS cBK 001040708StackRoom-aHMIbHMId2008-03-26g100.00l0o491.43 MISp00405r2008-03-26v100.00w2008-03-26yBK c2587d2587